| 000 | 00448nam a22001817a 4500 | ||
|---|---|---|---|
| 003 | OSt | ||
| 005 | 20211124155052.0 | ||
| 008 | 211124b |||||||| |||| 00| 0 eng d | ||
| 020 | _a0415087732 | ||
| 040 | _cHU | ||
| 082 | _a371.9043/WES | ||
| 100 |
_aPETER WESTWOOD _920385 |
||
| 245 | _aCOMMONSENSE METHODS FOR CHILDREN WITH SPECIAL NEEDS | ||
| 250 | _a2ND | ||
| 260 |
_aNEW YORK _bROUTLEDGE _c1993 |
||
| 300 | _a224P | ||
| 942 |
_2ddc _cBOOKS _n0 |
||
| 999 |
_c19995 _d19995 |
||